Highway engineering handbook : (Record no. 547414)
[ view plain ]
| 000 -LEADER | |
|---|---|
| fixed length control field | 00917pam a2200205 a 4500 |
| 020 ## - INTERNATIONAL STANDARD BOOK NUMBER | |
| International Standard Book Number | 0070087776 (acidfree paper) |
| 082 00 - DEWEY DECIMAL CLASSIFICATION NUMBER | |
| Classification number | 625.70973 |
| Author Mark | HIG |
| -- | L-39, P-182 |
| 245 00 - TITLE STATEMENT | |
| Title | Highway engineering handbook : |
| Remainder of title | building and rehabilitating the infrastructure / |
| Statement of responsibility, etc. | Roger L. Brockenbrough, editor, Kenneth J. Boedecker, Jr., editor. |
| 260 ## - PUBLICATION, DISTRIBUTION, ETC. | |
| Place of publication, distribution, etc. | New York : |
| Name of publisher, distributor, etc. | McGraw-Hill, |
| Date of publication, distribution, etc. | c1996. |
| 300 ## - PHYSICAL DESCRIPTION | |
| Extent | 1 v. (various pagings) : |
| Other physical details | ill. ; |
| Dimensions | 24 cm. |
| 526 ## - STUDY PROGRAM INFORMATION NOTE | |
| Program name | 0 |
| Interest level | 0 |
| Reading level | 0 |
| Title point value | 625_709730000000000_HIG |
| 650 #0 - SUBJECT ADDED ENTRY--TOPICAL TERM | |
| Topical term or geographic name entry element | Highway engineering |
| Geographic subdivision | United States |
| General subdivision | Handbooks, manuals, etc. |
| 9 (RLIN) | 43611 |
| 650 #0 - SUBJECT ADDED ENTRY--TOPICAL TERM | |
| Topical term or geographic name entry element | MCE |
| 9 (RLIN) | 379 |
| 700 1# - ADDED ENTRY--PERSONAL NAME | |
| Personal name | Boedecker, Kenneth J. |
| 9 (RLIN) | 43612 |
| 700 1# - ADDED ENTRY--PERSONAL NAME | |
| Personal name | Brockenbrough, R. L. |
| 9 (RLIN) | 25472 |
| 856 41 - ELECTRONIC LOCATION AND ACCESS | |
| Uniform Resource Identifier | <a href="http://www.loc.gov/catdir/enhancements/fy0602/95048283-t.html">http://www.loc.gov/catdir/enhancements/fy0602/95048283-t.html</a> |
| 856 42 - ELECTRONIC LOCATION AND ACCESS | |
| Uniform Resource Identifier | <a href="http://www.loc.gov/catdir/description/mh022/95048283.html">http://www.loc.gov/catdir/description/mh022/95048283.html</a> |
| 856 42 - ELECTRONIC LOCATION AND ACCESS | |
| Uniform Resource Identifier | <a href="http://www.loc.gov/catdir/enhancements/fy0602/95048283-b.html">http://www.loc.gov/catdir/enhancements/fy0602/95048283-b.html</a> |
| 942 ## - ADDED ENTRY ELEMENTS (KOHA) | |
| Source of classification or shelving scheme | |
| Koha item type | Book |
| Withdrawn status | Lost status | Source of classification or shelving scheme | Damaged status | Not for loan | Permanent Location | Current Location | Date acquired | Total Checkouts | Full call number | Barcode | Date last seen | Price effective from | Koha item type |
|---|---|---|---|---|---|---|---|---|---|---|---|---|---|
| Military College of Engineering (MCE) | Military College of Engineering (MCE) | 07/14/2014 | 625.70973 HIG | MCE-43455 | 07/14/2014 | 07/14/2014 | Book |
